| 000 | 00712nam a22002057a 4500 | ||
|---|---|---|---|
| 999 |
_c15132 _d15132 |
||
| 003 | OSt | ||
| 082 | _2631.587 TIN/AL | ||
| 088 | _aP 217 | ||
| 100 |
_aTINCY T. J _93640 |
||
| 245 | _aAlternatives to plastic mulch under micro sprinkler irrigation | ||
| 260 |
_aTavanur 2010 _bDepartment of Irrigation and Drainage Engineering |
||
| 300 | _a43 | ||
| 500 | _aAlternatives to plastic mulch under micro sprinkler irrigation | ||
| 520 | _aAlternatives to plastic mulch under micro sprinkler irrigation | ||
| 700 |
_aVeena T. S _93641 |
||
| 700 |
_aVidhya A. K _93642 |
||
| 700 |
_aEr. Asha Joseph (Guide) _93373 |
||
| 856 | _uhttps://drive.google.com/open?id=10aOKl5IWqm9fV2v550nOMhlAGvF_zw4y | ||
| 942 | _cPR | ||